War time control of industry; the experience of England,

Bibliographic Details
Main Author: Gray, Howard Levi
Format: Book
Language:English
Published: New York, The Macmillan Company, 1918.
Subjects:

MARC

Tag First Indicator Second Indicator Subfields
LEADER 00000cam a2200000 4500
001 in00000056968
005 20200901135531.0
008 751105s1918 nyu 00010 eng
010 |a  18005893  
035 |a (OCoLC)01807311 
035 |9 AAG4378AM 
040 |a DLC  |c GWC  |d TXA 
049 |a TXAM  |c [12263] 
050 0 |a HC256.2  |b .G8 
092 |a 338.9  |b G77w 
100 1 |a Gray, Howard Levi 
245 1 0 |a War time control of industry;  |b the experience of England,  |c by Howard L. Gray. 
260 |a New York,  |b The Macmillan Company,  |c 1918. 
300 |a xv p., 2 ., 307 p.  |c 20 cm. 
336 |a text  |b txt  |2 rdacontent 
337 |a unmediated  |b n  |2 rdamedia 
338 |a volume  |b nc  |2 rdacarrier 
650 0 |a World War, 1914-1918  |x Economic aspects  |z Great Britain. 
650 0 |a Industrial policy  |z Great Britain. 
999 f f |s 5ff8a54a-8f50-3184-8561-16965bd4a3e7  |i a45ba0a9-2165-3017-ba74-b64176992aa9  |t 0 
952 f f |p normal  |a Texas A&M University  |b College Station  |c Sterling C. Evans Library  |s Evans stk  |d Evans: Library Stacks  |t 0  |e HC256.2 .G8  |h Library of Congress classification  |i unmediated -- volume  |m A14800771632 
998 f f |a HC256.2 .G8  |t 0  |l Evans: Library Stacks